000
00314nam a2200133Ia 4500
005
20260328104302.0
008
260328s9999||||xx |||||||||||||| ||und||
100
_a
Marai, Sándor
245
0
_a
¡Tierra, Tierra! /
_c
Sándor Marai
260
_b
Salamandra
300
_a
446 p.
650
_a
NOVELAS
942
_c
BK
999
_c
10634
_d
10634